MyGZULibrary

Labour markets and migration policy in southern Africa / (Record no. 3549)

MARC details
000 -LEADER
fixed length control field 01357cam a22003615a 4500
001 - CONTROL NUMBER
control field 11866311
003 - CONTROL NUMBER IDENTIFIER
control field GZU
005 - DATE AND TIME OF LATEST TRANSACTION
control field 20201202104453.0
008 - FIXED-LENGTH DATA ELEMENTS--GENERAL INFORMATION
fixed length control field 990922s1998 rh b 001 0 eng
010 ## - LIBRARY OF CONGRESS CONTROL NUMBER
LC control number 99892376
020 ## - INTERNATIONAL STANDARD BOOK NUMBER
International Standard Book Number 1779050704
035 ## - SYSTEM CONTROL NUMBER
System control number (DLC) 99892376
040 ## - CATALOGING SOURCE
Original cataloging agency DLC
Transcribing agency DLC
Modifying agency DLC
042 ## - AUTHENTICATION CODE
Authentication code lcode
050 ## - LIBRARY OF CONGRESS CALL NUMBER
Classification number HD 5701
Item number SAC 1998
245 00 - TITLE STATEMENT
Title Labour markets and migration policy in southern Africa /
Statement of responsibility, etc. Lloyd Sachikonye (editor).
246 14 - VARYING FORM OF TITLE
Title proper/short title Labour & migration in southern Africa
246 3# - VARYING FORM OF TITLE
Title proper/short title Labour and migration in southern Africa
246 18 - VARYING FORM OF TITLE
Title proper/short title Labour markets & migration policy in southern Africa
260 ## - PUBLICATION, DISTRIBUTION, ETC.
Place of publication, distribution, etc. Mount Pleasant, Harare, Zimbabwe :
Name of publisher, distributor, etc. SAPPHO,
Date of publication, distribution, etc. 1998.
300 ## - PHYSICAL DESCRIPTION
Extent x, 130 p. ;
Dimensions 21 cm.
440 #0 - SERIES STATEMENT/ADDED ENTRY--TITLE
Title Southern Africa specialised studies series
500 ## - GENERAL NOTE
General note "SAPES Trust"--P. [4] of cover.
500 ## - GENERAL NOTE
General note "Southern Africa Regional Institute for Policy Studies"--Ser. t.p.
504 ## - BIBLIOGRAPHY, ETC. NOTE
Bibliography, etc. note Includes bibliographical references (p. [115]-124) and indexes.
700 1# - ADDED ENTRY--PERSONAL NAME
Personal name Sachikonye, L. M.
710 2# - ADDED ENTRY--CORPORATE NAME
Corporate name or jurisdiction name as entry element SAPES Trust.
710 2# - ADDED ENTRY--CORPORATE NAME
Corporate name or jurisdiction name as entry element Southern Africa Regional Institute for Policy Studies.
856 42 - ELECTRONIC LOCATION AND ACCESS
Materials specified Book review (H-Net)
Uniform Resource Identifier <a href="http://www.h-net.org/review/hrev-a0b6n4-aa">http://www.h-net.org/review/hrev-a0b6n4-aa</a>
906 ## - LOCAL DATA ELEMENT F, LDF (RLIN)
a 7
b ibc
c origode
d 3
e ncip
f 19
g y-gencatlg
942 ## - ADDED ENTRY ELEMENTS (KOHA)
Source of classification or shelving scheme Library of Congress Classification
Koha item type Books
Classification part 5701
Item part SAC
Call number prefix HD
Holdings
Withdrawn status Lost status Damaged status Not for loan Collection code Home library Current library Shelving location Date acquired Total Checkouts Full call number Barcode Date last seen Copy number Price effective from Koha item type
        Non-fiction City Campus Library City Campus Library General Stacks 12/02/2020   HD 5701 SAC 1998 B015242 12/02/2020 c. 1 12/02/2020 Books